Descriptions nulles d'animes, v2 - Statistiques

Statistiques générales
  • Ce quiz a été pris 113 fois
  • Le résultat moyen est 5 sur 20
Statistiques - réponses
Hint Réponse % Correct
- Voulez-vous un Whisky ? - Juste un doigt... - Ok, tiens, mange celui-ci alors Jujutsu Kaisen
93%
Bah alors petite soeur, t'es fachée ? Bon, je vais te protéger, mais je vais tuer tous ceux qui te ressemblent, ça te va ? Demon Slayer
72%
Si on en met plusieurs, ça fait un Dr House ? Dr Stone
52%
Jumanji version Mmorpg, mais le perso principal c'est un squelette Overlord
48%
Tu veux te battre ? Viens on se fait une game d'échecs No Game No Life
39%
Un pervers, une déesse inutile, une masochiste et une bombe nucléaire Konosuba
38%
Un Dieu SDF Noragami
25%
Démon Tomate Chainsaw Man
23%
Je me suis tapé une fille et ma prof, ce sont devenues mes belles soeurs Domestic Girlfriend
17%
Tibo in Shape Gone Wrong Baki
15%
Un caillou qui unlock des skins IRL en voyant des gens mourir To Your Eternity
13%
Des vampires, des nazis et des guerres de religion, que demande le peuple ? Hellsing
10%
Une mineure me manie depuis que je suis devenu une arme Reincarnated as a Sword
7%
Hulk, mais avec la tête Mob Psycho 100
6%
Bof, déjà vu... Initial D
5%
From Trauma Cranien to Mariage Tonikaku Kawaii
3%
Ma pote et collègue est une malade, mais littéralement... Excel Saga
2%
On y voit la Waifu de CyBoom : un blond avec une boucle d'oreille en forme de croix retournée Bakemonogatari
1%
Moi, quand je me réincarne en Slime mais en mieux (paroles de CyBoom, pas les miennes, je me dédouane totalement, je ne connais aucun des deux de toute façon) Tsukimichi : Moonlight Fantasy
1%
Une gamine scientifique, un robot, un chat qui parle, et... nan en vrai je peux pas résumer un anime que j'ai moi même pas compris... Nichijou : My Ordinary Life
0%
Aucun quiz correspondant
Distribution des résultats
% des personnes avec chaque résultat
Percentile par nombre de réponses
Votre historique - résultats
Vous n’avez pas pris ce quiz